000 00316nam a22001217a 4500
020 _a0-02-949070-7
082 _a005.11 AUT'B
100 _aGULHO, G, KODRATOFF, Y, BIERMANN, A.W
_956594
245 _aAUTOMATIC PROGRAM CONSTRUCTION TECHNIQUES
260 _aNEWYORK
_bMACMILLAN
_c1984
300 _a570P
942 _cBK
999 _c566976
_d566976